|
|
|
|
| LEADER |
00000cam a2200000 a 4500 |
| 001 |
vtls008344365 |
| 003 |
SK-MaSNL |
| 005 |
20260301204742.0 |
| 008 |
230403s1961 xo f n 000 0 slo |
| 015 |
|
|
|a SNBA1961/06-01104
|
| 020 |
|
|
|q (viaz.)
|
| 035 |
|
|
|a SK01SNK19610036582
|
| 035 |
|
|
|a urn:nbn:sk:snk-am3itva
|
| 035 |
|
|
|a F8191BC3-63C1-427F-8E61-A9AC55026F90
|
| 035 |
|
|
|a urn:nbn:sk:snk-am00fhwe
|
| 035 |
|
|
|a SKM000039045
|
| 040 |
|
|
|a SNK
|b slo
|c SNK
|e AACR2
|
| 041 |
0 |
|
|a slo
|
| 044 |
|
|
|a xo
|c SK
|
| 080 |
|
|
|a 372.47:371.3
|2 1981
|
| 080 |
|
|
|a 371.3
|2 1981
|
| 100 |
1 |
|
|a Lečko, Imrich,
|d 1915-1974
|4 aut
|9 191101
|
| 245 |
1 |
0 |
|a Metodika počtov v 1. až 5. postupovom ročníku
|c Imrich Lečko, Michal Foltín ; ilustrovali A. Garajová, D. Oravec, Š. Pindroch
|
| 250 |
|
|
|a 2. dopl. vyd.
|
| 260 |
|
|
|a Bratislava
|b Slovenské pedagogické nakladateľstvo
|c 1961
|e Bratislava
|f Pravda
|
| 300 |
|
|
|a 280, [3] s.
|b ilustr., tab.
|c 21 cm
|
| 366 |
|
|
|e 5500 výtl.
|
| 504 |
|
|
|a Bibliografia na s. 280-[281]
|
| 650 |
0 |
7 |
|a matematika
|2 SNKPH
|9 70174
|
| 650 |
0 |
7 |
|a vyučovanie
|2 SNKPH
|9 1522
|
| 650 |
0 |
7 |
|a základné školy
|2 SNKPH
|9 1280
|
| 655 |
|
7 |
|a metodické príručky
|2 SNKPH
|9 70250
|
| 700 |
1 |
|
|a Foltín, Michal,
|d 1905-1969
|4 aut
|9 184036
|
| 700 |
1 |
|
|a Garajová, A.
|4 ill
|9 577314
|
| 700 |
1 |
|
|a Oravec, D.
|4 ill
|9 307254
|
| 700 |
1 |
|
|a Pindroch, Šimon,
|d 1918-
|4 ill
|9 218780
|
| 852 |
|
|
|a Slovenská národná knižnica
|
| 954 |
|
|
|a odborná, vedecká literatúra pôvodná (slovenská)
|2 lita
|
| 958 |
|
|
|a OND
|
| 958 |
|
|
|a RK
|
| 958 |
|
|
|a NB
|
| 958 |
|
|
|a EUIPO
|
| 999 |
|
|
|c 907623
|d 909553
|
| 952 |
|
|
|a SNK
|b SNK
|y PREZ
|7 0
|p 17A0843033
|o snkSC 15386
|i snkKSP 3224/61
|0 0
|1 0
|4 0
|d 2020-07-10
|f 1
|l 0
|r 2025-07-18 00:00:00
|w 2026-02-24
|
| 952 |
|
|
|a SNK
|b SNK
|y VYP
|7 0
|o snkSC 15386 D1
|0 0
|1 0
|4 0
|d 2020-07-10
|l 0
|r 2026-02-24 07:34:07
|w 2026-02-24
|